000
00315 a2200133 4500
000
nam a22 7a 4500
100
_a
Salunkhe, I B
110
_a
Salunkhe, I B
245
_a
Principles of angiosperm taxonomy
250
_a
Latest edition
260
_b
Oxford
_c
2025
264
_b
Oxford
_c
2025
942
_c
BK
999
_c
396051
_d
396051